De sangre, voluptuosidad y deseo: un acercamiento a lo vampírico y su configuración en la estética de lo montruoso

Saved in:
Bibliographic Details
Main Author: Jaramillo, Gloria (Author)
Format: Book
Language:Spanish
Published: Santiago Universidad de Chile 2008
Series:Tesis, 8
Subjects:
Tags: Add Tag
No Tags, Be the first to tag this record!

MARC

LEADER 00000nam a2200000 a 4500
001 UCG1261
003 CL-VaPUC
008 100429e20080000CL |||||||||||||||||spa|d
020 |a 9789561906228 
082 0 4 |a 808.3375  |b JAR  |2 21 
100 0 |a Jaramillo, Gloria  |e author  |9 549105 
245 1 0 |a De sangre, voluptuosidad y deseo: un acercamiento a lo vampírico y su configuración en la estética de lo montruoso 
300 |a 122 p 
942 |c BK 
945 |d 20100429 00:00:00  |a rbrito 
260 |a Santiago  |b Universidad de Chile  |c 2008 
650 0 |a Literatura fantástica   |9 266050 
650 0 |a Vampiros  |9 610519 
650 0 |a Cinematografía  |9 265198 
583 |a last modification  |c 20100429 00:00:00  |k Rodrigo Vera 
490 0 |a Tesis, 8 
999 |c 340669  |d 340667 
952 |0 0  |1 0  |4 0  |6 808_337500000000000_JAR_2008  |7 0  |8 A  |9 435593  |a BIBART  |b BIBART  |d 2019-11-22  |i 4665260  |l 2  |o 808.3375 JAR 2008  |p 4665260  |r 2025-04-15  |s 2025-04-08  |w 2019-11-22  |y BK  |k ART